1756 1850 1993 1112 1076 1081 1401 1431 1342 1421 1094 1569 1548 1391 1564 1245 1195 1106 1099 1727 1375 1142 1084 1416 1953 1950 1358 1270 1154 1255 1168 1038 1595 1550 1364 1870 1085 1516 1586 1596 1770 1585 1064 1034 1516 1938 1790 1047 1121 1078 1875 1224 1962 1129 1673 1085 1271 1572 1524 1554 1897 1724 1468 1071 1369 1073 1099 1204 1038 1608 1059 1155 1363 1667 1333 1929 1713 1917 1424 1770 1138 1037 1140 1298 1576 1892 1601 1967 1774 1852 1855 1337 1433 1749 1242 1650 1361 1619 1931 BCNSPRNW ULIB Ver.6.0+V

เปลี่ยนเป็นภาษาไทย

Change to English
 แสดงรายละเอียดบรรณานุกรม
  กลับหน้าหลัก

Brief Record : Get Marc (ISO 2709) : E-mail record : QR code < ปิดหน้าต่าง
LEADER : 00000nam 2200000uu 4500
001    13399111854
003     ULIB
008    110627s2552||||th 000 0 tha d
020    9786165000055
090    นว.^bณ399ส 2552
100 0  ณารา
245 00 สายเลือดแดนตะวัน/^cณารา
250    พิมพ์ครั้งที่ 4
260    กรุงเทพฯ :^bพิมพ์คำ,^c2552
300    551 หน้า
945    ^p340^l0^i026733
995    ทศพร
999 ^a ใช้งานได้ทุกระบบ
รายการนี้ยังไม่มีแท็ก
คุณยังไม่ได้ล็อกอิน คุณสามารถมีกิจกรรมร่วมกับเว็บไซต์ได้ แต่ต้องล็อกอินก่อน ::
  ล็อกอิน

รายการสื่อสารสนเทศ

ลำดับที่ ประเภท เลขเรียก/บาร์โค้ด สถานที่ สถานะ
- ไม่พบข้อมูล -

รายการใกล้เคียง
    ผู้แต่ง [ณารา]

BibComment


ยังไม่เคยถูกคอมเมนท์

คอมเมนท์ทรัพยากรรายการนี้
  คอมเมนท์: สายเลือดแดนตะวัน ..


 Copyright 2026. Bcnsprnw @Library